Encounters in Video Art in Latin America / (Record no. 4600)

MARC details
000 -LEADER
campo de control de longitud fija 02948cam a2200469 i 4500
001 - NÚMERO DE CONTROL
campo de control 22527503
003 - IDENTIFICADOR DE NÚMERO DE CONTROL
campo de control OSt
005 - FECHA Y HORA DE LA ÚLTIMA TRANSACCIÓN
campo de control 20260313190925.0
008 - DATOS DE LONGITUD FIJA--INFORMACIÓN GENERAL
campo de control de longitud fija 220421t20232023caua b 001 0 eng
010 ## - NÚMERO DE CONTROL DE LA BIBLIOTECA DEL CONGRESO
Número de control de LC 2022019877
020 ## - NÚMERO INTERNACIONAL ESTÁNDAR DEL LIBRO
Número Internacional Estándar del Libro 9781606067918
Información calificativa (paperback)
020 ## - NÚMERO INTERNACIONAL ESTÁNDAR DEL LIBRO
ISBN cancelado o inválido 9781606067925
Información calificativa (adobe pdf)
035 ## - NÚMERO DE CONTROL DEL SISTEMA
Número de control de sistema 22527503
040 ## - FUENTE DE CATALOGACIÓN
Centro catalogador/agencia de origen JPG/DLC
Lengua de catalogación eng
Normas de descripción rda
Centro/agencia transcriptor DLC
Centro/agencia modificador DLC
042 ## - CÓDIGO DE AUTENTICACIÓN
Código de autenticación pcc
043 ## - CÓDIGO DE ÁREA GEOGRÁFICA
Código de área geográfica cl-----
050 00 - SIGNATURA TOPOGRÁFICA DE LA BIBLIOTECA DEL CONGRESO
Número de clasificación N6502.57.V53
Número de ítem E53 2023
082 00 - NÚMERO DE LA CLASIFICACIÓN DECIMAL DEWEY
Número de clasificación 777.098
Número de edición 23/eng/20220709
110 2# - ENTRADA PRINCIPAL--NOMBRE DE ENTIDAD CORPORATIVA
Nombre de entidad corporativa o nombre de jurisdicción como elemento de entrada Getty Research Institute
245 00 - MENCIÓN DEL TÍTULO
Título Encounters in Video Art in Latin America /
Mención de responsabilidad, etc. edited by Elena Shtromberg and Glenn Phillips.
264 #1 - PRODUCCIÓN, PUBLICACIÓN, DISTRIBUCIÓN, FABRICACIÓN Y COPYRIGHT
Producción, publicación, distribución, fabricación y copyright Los Angeles :
Nombre del de productor, editor, distribuidor, fabricante Getty Research Institute,
Fecha de producción, publicación, distribución, fabricación o copyright [2023]
264 #4 - PRODUCCIÓN, PUBLICACIÓN, DISTRIBUCIÓN, FABRICACIÓN Y COPYRIGHT
Fecha de producción, publicación, distribución, fabricación o copyright ©2023
300 ## - DESCRIPCIÓN FÍSICA
Extensión xii, 275 pages :
Otras características físicas illustrations (some color) ;
Dimensiones 26 cm.
336 ## - TIPO DE CONTENIDO
Término de tipo de contenido text
Código de tipo de contenido txt
Fuente rdacontent
337 ## - TIPO DE MEDIO
Nombre/término del tipo de medio unmediated
Código del tipo de medio n
Fuente rdamedia
338 ## - TIPO DE SOPORTE
Nombre/término del tipo de soporte volume
Código del tipo de soporte nc
Fuente rdacarrier
490 1# - MENCIÓN DE SERIE
Mención de serie Issues & debates
504 ## - NOTA DE BIBLIOGRAFÍA, ETC.
Nota de bibliografía, etc. Includes bibliographical references (pages 246-263) and index.
505 0# - NOTA DE CONTENIDO CON FORMATO
Nota de contenido con formato Introduction / Elena Shtromberg and Glenn Phillips -- Encounters : CAYC and the International Encuentros / Glenn Phillips and Sophia Serrano -- Photo Essay -- Imagined Video Archives : Strategies and Conditions of Video Art Collections in Latin America / José-Carlos Mariátegui -- La portapak en Latinoamérica : The Gendering of Video Art in Argentina, Brazil, Chile, Colombia, and Mexico / Gabriela Aceves Sepúlveda -- Video : A Laboratory for Experimentation : Interview with Ximena Cuevas -- Memory and Forgetting in Video Art from Latin America / Elena Shtromberg -- Festival Franco-Chileno de Video Arte : A Space of Resistance under Dictatorship and Expansion in Democracy / Sebastián Vidal Valenzuela -- A Threshold of Suspension / Oscar Muñoz -- The Image before the Image / Francisco Huichaqueo in collaboration with Juan Juenan -- Handing Over the Camera : Two Episodes in Video Art and Anthropology / Benjamin O. Murphy -- Reflections on Vídeo nas Aldeias : Interview with Vincent Carelli.
520 1# - RESUMEN, ETC.
Sumario, etc. "With engaging essays and insightful interviews, this volume examines how artists have experimented with the medium of video across different regions of Latin America since the 1960s"--
Fuente proveedora Provided by publisher.
650 #0 - PUNTO DE ACCESO ADICIONAL DE MATERIA--TÉRMINO DE MATERIA
Término de materia o nombre geográfico como elemento de entrada Video art
Subdivisión geográfica Latin America.
650 #0 - PUNTO DE ACCESO ADICIONAL DE MATERIA--TÉRMINO DE MATERIA
Término de materia o nombre geográfico como elemento de entrada Art, Latin American
Subdivisión cronológica 20th century.
650 #0 - PUNTO DE ACCESO ADICIONAL DE MATERIA--TÉRMINO DE MATERIA
Término de materia o nombre geográfico como elemento de entrada Art, Latin American
Subdivisión cronológica 21st century.
700 1# - ENTRADA AGREGADA--NOMBRE PERSONAL
Nombre de persona Shtromberg, Elena,
Término indicativo de función/relación editor.
700 1# - ENTRADA AGREGADA--NOMBRE PERSONAL
Nombre de persona Phillips, Glenn,
Fechas asociadas al nombre 1974-
Término indicativo de función/relación editor.
710 2# - ENTRADA AGREGADA--NOMBRE DE ENTIDAD CORPORATIVA
Nombre de entidad corporativa o nombre de jurisdicción como elemento de entrada Getty Research Institute,
Término indicativo de función/relación issuing body.
776 08 - ENTRADA DE FORMULARIO FÍSICO ADICIONAL
Información de relación Online version:
Título Encounters in video art in Latin America.
Lugar, editor y fecha de publicación Los Angeles : Getty Research Institute, [2023]
Número Internacional Estándar del Libro 9781606067925
Número de control del registro (DLC) 2022019878
830 #0 - PUNTO DE ACCESO ADICIONAL DE SERIE-TÍTULO UNIFORME
Título uniforme Issues & debates.
906 ## - ELEMENTOS DE DATOS F LOCAL, LDF (RLIN)
a 7
b cbc
c orignew
d 1
e ecip
f 20
g y-gencatlg
942 ## - ELEMENTOS DE ENTRADA SECUNDARIOS (KOHA)
Fuente del sistema de clasificación o colocación Clasificación Decimal Dewey
Tipo de ítem Koha Libros
Suprimir en OPAC No
Holdings
Estatus retirado Estado de pérdida Fuente del sistema de clasificación o colocación Estado de daño No para préstamo Colección Biblioteca de origen Biblioteca actual Fecha de adquisición Total de préstamos Signatura topográfica completa Código de barras Visto por última vez Precio de reemplazo Tipo de ítem Koha
    Clasificación Decimal Dewey     Libros Biblioteca LadoV Biblioteca LadoV 13/03/2026   702.81 SH561e 9781606067918 13/03/2026 13/03/2026 Libros